000 00322nam a2200145Ia 4500
100 _aConnell/ John
942 _cBK
654 _acomputer
245 _aBeginning Visual Basic 6 Database
260 _bWrox Press Ltd
_aNONE
_c1998
082 _a005.133(wb)
_bCON
300 _a861
546 _aENGLISH
999 _c30567
_d30567